Indian States with Most Telugu Speakers - Statistics

General Stats
  • This quiz has been taken 43 times
  • The average score is 6 of 9
Answer Stats
Rank State Speakers Percentage % Correct
1 Tamil Nadu 4,234,302 5.87%
100%
2 Karnataka 3,569,400 5.84%
83%
3 Maharashtra 1,320,880 1.18%
83%
7 West Bengal 88,352 0.10%
78%
9 Gujarat 73,568 0.12%
75%
6 Chhattisgarh 152,100 0.60%
60%
10 Andaman and Nicobar Islands 50,404 13.24%
30%
4 Orissa 667,693 1.59%
30%
8 Puducherry 74,347 5.96%
28%
No matching quizzes found
Score Distribution
Percent of People with Each Score
Percentile by Number Answered
Your Score History
You have not taken this quiz